Scottish Executive plans £450m for road and rail improvements (Record no. 71961)
[ view plain ]
| 000 -LEADER | |
|---|---|
| fixed length control field | 00870cam a2200193 4500 |
| 001 - CONTROL NUMBER | |
| control field | WB3903-14 |
| 008 - FIXED-LENGTH DATA ELEMENTS--GENERAL INFORMATION | |
| fixed length control field | 030123n2003 000 0 eng u |
| 035 ## - SYSTEM CONTROL NUMBER | |
| System control number | (Sirsi) u121101 |
| 245 ## - TITLE STATEMENT | |
| Title | Scottish Executive plans £450m for road and rail improvements |
| 260 ## - PUBLICATION, DISTRIBUTION, ETC. | |
| Date of publication, distribution, etc. | 2003 |
| 490 ## - SERIES STATEMENT | |
| Series statement | Scottish Executive News Release |
| Volume/sequential designation | (SEET240/2003) 22 January 2003, (3) |
| 520 ## - SUMMARY, ETC. | |
| Summary, etc. | The Scottish Executive has unveiled an estimated £450m package of improvements for roads and public transport, which is designed to increase access to jobs and improve transport links for those living between Edinburgh and Glasgow. http://www.scotland.gov.uk/pages/news/2003/01/p_SEET240.aspx |
| 590 ## - LOCAL NOTE (RLIN) | |
| Local note | WB |
| 650 ## - SUBJECT ADDED ENTRY--TOPICAL TERM | |
| Topical term or geographic name entry element | PROPERTY-INFRASTRUCTURE-TRANSPORT INFRASTRUCTURE-ROAD INFRASTRUCTURE |
| 650 ## - SUBJECT ADDED ENTRY--TOPICAL TERM | |
| Topical term or geographic name entry element | RAIL |
| 650 ## - SUBJECT ADDED ENTRY--TOPICAL TERM | |
| Topical term or geographic name entry element | SCOTLAND |
| 690 ## - LOCAL SUBJECT ADDED ENTRY--TOPICAL TERM (OCLC, RLIN) | |
| Topical term or geographic name as entry element | TRANSPORT AND COMMUNICATIONS |
| 942 ## - ADDED ENTRY ELEMENTS (KOHA) | |
| Suppress in OPAC | 0 |
| Withdrawn status | Lost status | Source of classification or shelving scheme | Damaged status | Not for loan | Home library | Current library | Shelving location | Date acquired | Total Checkouts | Full call number | Barcode | Date last seen | Copy number | Price effective from | Koha item type |
|---|---|---|---|---|---|---|---|---|---|---|---|---|---|---|---|
| Dewey Decimal Classification | London | London | News article | 23/01/2003 | WB3903-14 | 121101-1001 | 06/08/2019 | 1 | 06/08/2019 | News article |